capitales des pays africains - Statistiques

Statistiques générales
  • Ce quiz a été pris 107 fois
  • Le résultat moyen est 11 sur 15
Statistiques - réponses
Question Réponse % Correct
GUINEE CONAKRY
100%
SENEGAL DAKAR
100%
EGYPTE LE CAIRE
100%
MAROC RABAT
90%
TUNISIE TUNIS
90%
COTE D'IVOIRE YAMOUSSOUKRO
90%
LIBYE TRIPOLI
80%
CENTRAFRIQUE BANGUI
70%
MOZAMBIQUE MAPUTO
70%
ESWATINI MBABANE
60%
LIBERIA MONROVIA
60%
AFRIQUE DU SUD PRETORIA
60%
NAMIBIE WINDHOEK
60%
NIGERIA ABUJA
50%
SOMALIE MOGADISCIO
30%
Aucun quiz correspondant
Distribution des résultats
% des personnes avec chaque résultat
Percentile par nombre de réponses
Votre historique - résultats
Vous n’avez pas pris ce quiz